• 首页
  • 本馆介绍
  • 公告通知
  • 最新文献
  • 馆藏检索
  • 电子资源
  • 读者导购
  • 参考咨询
  • 我的图书馆
  • 登录
  • 详细信息显示
  • 放入我的书架
  • 预约/预借图书
  • 作者相关作品
  • 分类相关作品
  • 丛书相关作品
  • 出版社相关作品

书目信息

  • 表格格式
  • 工作单格式
  • 卡片格式
题名:
《论衡》反义类聚新论
    
 
作者: 汪梅枝 著
分册:  
出版信息: 北京   中国书籍出版社  2015
页数: 197页
开本: 24cm
丛书名:
单 册:
中图分类: B234.85 , H121
科图分类:
主题词: 古典哲学--古文字学--研究--中国--东汉时代
电子资源:
ISBN: 978-7-5068-4922-7
000 01194nam0 2200265 450
001 012001003540
005 20140926114740.0
010    @a978-7-5068-4922-7@b精装@dCNY68.00
100    @a20160109d2015 em y0chiy50 ea
101 0  @achi
102    @aCN@b110000
105    @ay z 000yy
106    @ar
200 1  @a《论衡》反义类聚新论@9《lun heng》fan yi lei ju xin lun@f汪梅枝著
210    @a北京@c中国书籍出版社@d2015
215    @a197页@d24cm
300    @a万象学术文库 山东省高校人文社会科学研究项目
330    @a本书在对“反义类聚”进行定义的基础上,本课题用共时描写的方法建立《论衡》“反义类聚”的语料库,之后对《论衡》中的各种类聚进行历时比较,从而进一步指出《论衡》反义类聚的特点及其所反映的东汉时期的词汇特征,并重点阐述了反义类聚在校勘、训诂、构词、修辞及辞书编纂等方面的研究价值。通过对“反义类聚”的分析和研究,我们还能够从中看出它与反义词的区别和联系,有利于我们重新认识汉语的反义关系,从而丰富汉语的词汇理论。
605    @a《论衡》@x古文字学@x研究
606 0  @a古典哲学@x古文字学@x研究@y中国@z东汉时代
690    @aB234.85@v5
690    @aH121@v5
701  0 @a汪梅枝@9wang mei zhi@f(1978-)@4著
801  0 @aCN@b上海新华@c20180901
905    @b1159755-9@dB234.85@e50@f5
    
    《论衡》反义类聚新论/汪梅枝著.-北京:中国书籍出版社,2015
    197页;24cm
    万象学术文库 山东省高校人文社会科学研究项目
    
    ISBN 978-7-5068-4922-7(精装):CNY68.00
    本书在对“反义类聚”进行定义的基础上,本课题用共时描写的方法建立《论衡》“反义类聚”的语料库,之后对《论衡》中的各种类聚进行历时比较,从而进一步指出《论衡》反义类聚的特点及其所反映的东汉时期的词汇特征,并重点阐述了反义类聚在校勘、训诂、构词、修辞及辞书编纂等方面的研究价值。通过对“反义类聚”的分析和研究,我们还能够从中看出它与反义词的区别和联系,有利于我们重新认识汉语的反义关系,从而丰富汉语的词汇理论。
●
相关链接 在E读中查询图书 在五车中查询图书 在当当中查询图书 在豆瓣中查询图书


正题名:《论衡》反义类聚新论     索取号:B234.85/50         预约/预借

序号 登录号 条形码 馆藏地/架位号 状态 备注
1 1159755   211597556   第一样本阅览室/ [索取号:B234.85/50] 在馆    
2 1159756   211597565   第一借阅区/ [索取号:B234.85/50] 在馆    
3 1159757   211597574   第一借阅区/ [索取号:B234.85/50] 在馆    
4 1159758   211597583   第一借阅区/ [索取号:B234.85/50] 在馆    
5 1159759   211597592   第一借阅区/ [索取号:B234.85/50] 在馆    
唐山师范学院图书馆 欢迎您!
大连网信软件有限公司© 版权所有